A carregar...

Theory and principles of education: philosophical and sociological bases of education

Detalhes bibliográficos
Autor principal: Aggarwal, J C
Formato: Printed Book
Idioma:English
Publicado em: New Delhi, Vikas Publishing House
1985
Edição:Ed.8
Assuntos:
LEADER 007200000a22002410004500
020 |a 0706983858 
041 |a eng 
082 |a 370.1 M5 
100 |a Aggarwal, J C  |9 117034 
245 |a Theory and principles of education: philosophical and sociological bases of education 
250 |a Ed.8 
260 |a New Delhi, Vikas Publishing House 
260 |a 1985 
465 |a R 85 
650 |a educational thinkers  |9 117035 
650 |a Educational thought  |9 117036 
650 |a Indian  |9 117037 
650 |a Philosophy  |9 117038 
650 |a Sociology  |9 117039 
650 |a Western  |9 117040 
942 |c BK 
999 |c 167516  |d 167512 
952 |0 0  |1 0  |4 0  |7 0  |9 165950  |a SPS  |b SPS  |d 2019-04-16  |l 0  |p SPS02704  |r 2019-04-16  |w 2019-04-16  |y BK